| 000 | 00453 a2200145 4500 | ||
|---|---|---|---|
| 020 | _a0007121113 | ||
| 082 | _a823.912 | ||
| 090 |
_c983 _d983 |
||
| 100 | _aChristie, Agatha | ||
| 245 |
_aBlack coffee _cAgatha Christie |
||
| 260 |
_aLondon, _bCollins, _c1997. |
||
| 300 |
_a223 p. ; _c20 cm. |
||
| 650 | _a1.Poirot, Hercule (Fictitious character) --Fiction.2.Private investigators --England --Fiction.3.Surrey (England) --Fiction. | ||
| 942 |
_cBK _k823.912 CHR |
||
| 999 |
_c4948 _d4948 |
||